000 00780nam a2200229 a 4500
001 000042587
005 20240530073922.0
008 091118s2013 dr 000 f spa d
020 _a9789945465570
040 _aDO-SdBNP
_bspa
_cBNPHU
082 _aRD863.44
_bR696m
100 1 _aRodríguez, Marcos
_929858
245 1 3 _aEl Mártir de los martirios /
_cMarcos Rodríguez.
260 _aSanto Domingo :
_bDragón editorial,
_c[20--?].
300 _a211 p. ;
_c21 cm.
500 _aIncluye datos biográficos del autor en la contracubierta
590 _aLa biblioteca posee un ejemplar autografiado por el autor
590 _aInventariado, 2020 / DG
650 0 _aNovela dominicana
_9223
650 0 _aLiteratura dominicana.
_967
910 _aValidado. Control de calidad MFF
999 _c42076
_d42076